| 000 -LEADER |
| fixed length control field |
00447nam a22001097a 4500 |
| 100 ## - MAIN ENTRY--PERSONAL NAME |
| Personal name |
Trivedi, Harshad R. |
| 9 (RLIN) |
4874 |
| 245 ## - TITLE STATEMENT |
| Title |
Some aspects of role of panchayats and institutional arrangements for canal irrigation in two Talukas of Ahmedabad district |
| Statement of responsibility, etc |
by Harshad R. Trivedi |
| 260 ## - PUBLICATION, DISTRIBUTION, ETC. (IMPRINT) |
| Place of publication, distribution, etc |
Ahmedabad |
| Name of publisher, distributor, etc |
Institute of Cultural and Urban Anthropology |
| Date of publication, distribution, etc |
1982 |
| 300 ## - PHYSICAL DESCRIPTION |
| Extent |
73p. |
| 650 ## - SUBJECT ADDED ENTRY--TOPICAL TERM |
| Topical term or geographic name as entry element |
Panchayats - India - Ahmedabad |
| 9 (RLIN) |
4875 |
| 650 ## - SUBJECT ADDED ENTRY--TOPICAL TERM |
| Topical term or geographic name as entry element |
Irrigation |
| 9 (RLIN) |
4876 |